Từ khi mang thai tới khi sinh : Những hướng dẫn cần thiết
Quyển sách như một cẩm nang hướng dẫn cần thiết trước khi mang thai, từ chế độ dinh dưỡng cho đến cách tập thể dục thư giãn, chăm sóc tiền sản, chuyển dạ và sinh nở. Sau khi sinh thì chăm sóc mẹ và bé như thế nào?,......
Gardado en:
| Autor Principal: | |
|---|---|
| Formato: | Libro |
| Idioma: | Undetermined |
| Publicado: |
Hà Nội
Phụ nữ
2006
|
| Những chủ đề: | |
| Các nhãn: |
Engadir etiqueta
Sen Etiquetas, Sexa o primeiro en etiquetar este rexistro!
|
| Thư viện lưu trữ: | Trung tâm Học liệu Trường Đại học Cần Thơ |
|---|
| LEADER | 01004nam a2200229Ia 4500 | ||
|---|---|---|---|
| 001 | CTU_112974 | ||
| 008 | 210402s9999 xx 000 0 und d | ||
| 020 | |c 39000 | ||
| 082 | |a 618.24 | ||
| 082 | |b T473 | ||
| 100 | |a Thompson, June | ||
| 245 | 0 | |a Từ khi mang thai tới khi sinh : | |
| 245 | 0 | |b Những hướng dẫn cần thiết | |
| 245 | 0 | |c June Thompson; Nguyễn Thu Trâm biên dịch | |
| 260 | |a Hà Nội | ||
| 260 | |b Phụ nữ | ||
| 260 | |c 2006 | ||
| 520 | |a Quyển sách như một cẩm nang hướng dẫn cần thiết trước khi mang thai, từ chế độ dinh dưỡng cho đến cách tập thể dục thư giãn, chăm sóc tiền sản, chuyển dạ và sinh nở. Sau khi sinh thì chăm sóc mẹ và bé như thế nào?,... | ||
| 650 | |a Obstetrics,Women,Childbirth | ||
| 650 | |x Health and hygiene | ||
| 904 | |i Minh | ||
| 980 | |a Trung tâm Học liệu Trường Đại học Cần Thơ | ||